Statistics for guess the country by flag #1

Click here to take the quiz!

General Stats

  • This quiz has been taken 34 times
  • The average score is 12 of 16

Answer Stats

Answer% Correct
Spain
100%
Usa
100%
Germany
86%
Mexico
86%
Peru
86%
Bangladesh
82%
Algeria
77%
Fiji
77%
Trinidad
73%
Kosovo
68%
Cameroon
64%
East timor
64%
Ethiopia
64%
Bolivia
59%
Marshall islands
59%
Mozambique
59%

Score Distribution

Percentile by Number Answered

Percent of People with Each Score

Your Score History

You have not taken this quiz